Chawi

Bibliographic Details
Main Author: Mohd Amir Mohd Yusof
Format: Book
Published: Kuala Lumpur : Creative Enterprise Sdn.Bhd , 1995

MARC

LEADER 00000cam a2200000 7i4500
001 0000009104
002 000009916
005 20000330.0
020 |a 9838932183 
090 0 0 |a F   |b MOH 
100 0 |a Mohd Amir Mohd Yusof 
245 1 0 |a Chawi   |c Mohd Amir Mohd Yusof 
260 |a Kuala Lumpur :   |b Creative Enterprise Sdn.Bhd ,   |c 1995 
300 |a 119 p. ;   |c 17 cm. 
999 |a 042357   |b BUKU   |c PINJAMAN   |e PERPUSTAKAAN KOMUNITI PETALING JAYA 
999 |a 042358   |b BUKU   |c PINJAMAN   |e PERPUSTAKAAN KOMUNITI PETALING JAYA